Comercio, género y propiedad intelectual: TLC entre Estados Unidos y Colombia /
EEUU en su contienda económica global, requiere suscribir acuerdos comerciales con diversos países y regiones del mundo, con el objetivo de lograr mayores ventajas para sus empresas multinacionales. El reforzamiento de las normas de inversión y en especial de la protección de la propiedad intelectua...
Uloženo v:
| Hlavní autor: | |
|---|---|
| Médium: | Text |
| Jazyk: | Spanish |
| Témata: | |
| Tagy: |
Přidat tag
Žádné tagy, Buďte první, kdo vytvoří štítek k tomuto záznamu!
|
MARC
| LEADER | 00000 a a2200000 04500 | ||
|---|---|---|---|
| 001 | 40314 | ||
| 003 | cru CRAI/IIS | ||
| 005 | 20210118163649.0 | ||
| 008 | 210118b ||||| |||| 00| 0 spa d | ||
| 999 | |c 31553 |d 31553 | ||
| 040 | |c cru CRAI/IIS | ||
| 100 | 1 | |a Ahumada Beltrán, Consuelo |9 9786 | |
| 245 | |a Comercio, género y propiedad intelectual: |b TLC entre Estados Unidos y Colombia / |c Consuelo Ahumada | ||
| 520 | |a EEUU en su contienda económica global, requiere suscribir acuerdos comerciales con diversos países y regiones del mundo, con el objetivo de lograr mayores ventajas para sus empresas multinacionales. El reforzamiento de las normas de inversión y en especial de la protección de la propiedad intelectual y su aplicación a la industria farmacéutica y a los conocimientos tradicionales. Dicha medida tiene un impacto definitivo sobre las condiciones de vida y de salud de amplios sectores de la población. En este ámbito, las mujeres, además de sufrir el agravamiento de la situación económica y social, reciben una carga adicional en lo que respecta a su trabajo social reproductivo, en la medida en que el acceso a los servicios de salud se reduce y su atención se descarga cada vez más en el hogar, lo que incrementa el trabajo y la responsabilidad de las mujeres. | ||
| 590 | |a RRA/ENERO2011 | ||
| 650 | |a 1.MUJERES | ||
| 650 | |a 2.LIBRE COMERCIO | ||
| 650 | |a 3.NEOLIBERALISMO | ||
| 650 | |a 4.PROPIEDAD INTELECTUAL | ||
| 650 | |a 5.COMERCIO INTERNACIONAL | ||
| 650 | |a 6.ESTADOS UNIDOS | ||
| 650 | |a 7.COLOMBIA | ||
| 773 | |g páginas 165-187 | ||
| 942 | |2 z |c LI | ||
